[Event "Ivy League Chess Challenge"]
[Site "Toronto CAN"]
[Date "2018.11.11"]
[Round "5.2"]
[White "Wang, Richard"]
[Black "Fabbri, Alexander R"]
[Result "1-0"]
[WhiteElo "2332"]
[BlackElo "2067"]
[PlyCount "97"]
[GameId "2160767908052186"]
[EventDate "2018.11.09"]
[EventType "team"]
[EventRounds "5"]
[EventCountry "CAN"]
[SourceTitle "CBM 187 Extra"]
[Source "ChessBase"]
[SourceDate "2018.11.04"]
[SourceVersion "1"]
[SourceVersionDate "2018.11.04"]
[SourceQuality "1"]
[WhiteTeam "Harvard Univ"]
[BlackTeam "Yale University"]
[WhiteTeamCountry "USA"]
[BlackTeamCountry "USA"]

1. c4 Nf6 2. Nc3 e5 3. g3 d5 4. cxd5 Nxd5 5. Bg2 Nb6 6. Nf3 Nc6 7. d3 Be7 8. O-O O-O 9. Be3 f5 10. Rc1 Be6 11. a3 Nd5 12. Nxd5 Bxd5 13. b4 a6 14. Bc5 Rc8 15. Nd2 b6 16. Bxe7 Nxe7 17. Qa4 b5 18. Qxa6 Bxg2 19. Qe6+ Kh8 20. Kxg2 e4 21. dxe4 Rf6 22. Qe5 Ng6 23. Qc3 fxe4 24. Nxe4 Re6 25. f3 Qe7 26. Qc5 Qe8 27. Rfd1 Rxe4 28. fxe4 Qxe4+ 29. Kg1 Qxe2 30. Qf2 Qe6 31. Re1 Ne5 32. Re3 Qf6 33. Qxf6 gxf6 34. Rc5 c6 35. Rexe5 fxe5 36. Rxe5 Ra8 37. Re3 Ra7 38. Rc3 Kg7 39. Rxc6 Rxa3 40. Rb6 Ra2 41. Rxb5 Rb2 42. Rg5+ Kf6 43. Rg4 h5 44. Rh4 Kg6 45. Kf1 Kf6 46. Ke1 Ke6 47. Kd1 Kd6 48. Kc1 Re2 49. Rxh5 1-0

[Event "CYCC U18"]
[Site "Windsor CAN"]
[Date "2016.07.05"]
[Round "1.2"]
[White "Muntaner, Daniel"]
[Black "Wang, Richard"]
[Result "0-1"]
[WhiteElo "1697"]
[BlackElo "2411"]
[PlyCount "68"]
[GameId "2160767908710282"]
[EventDate "2016.07.05"]
[EventType "swiss"]
[EventRounds "7"]
[EventCountry "CAN"]
[SourceTitle "EXT 2022"]
[Source "ChessBase"]
[SourceDate "2021.10.06"]
[SourceVersion "1"]
[SourceVersionDate "2021.10.06"]
[SourceQuality "1"]

1. e4 e6 2. d4 d5 3. exd5 exd5 4. c4 Nf6 5. Nc3 Nc6 6. Nf3 Bb4 7. Be3 O-O 8. a3 Bxc3+ 9. bxc3 Re8 10. h3 Bf5 11. Bd3 Bxd3 12. Qxd3 dxc4 13. Qxc4 Na5 14. Qa4 Qd5 15. O-O Nc4 16. Bf4 c6 17. Rfe1 a5 18. Ne5 b5 19. Qc2 Nd7 20. Nxc4 Qxc4 21. Re3 Nf6 22. Rae1 Rxe3 23. Bxe3 b4 24. Bd2 b3 25. Qb2 Nd5 26. Rb1 a4 27. Re1 Rb8 28. Re5 h6 29. Re4 Qd3 30. Re1 Nb6 31. Bf4 Nc4 32. Qb1 Qxb1 33. Rxb1 Rb5 34. Bc1 b2 0-1

[Event "CYCC U18"]
[Site "Windsor CAN"]
[Date "2016.07.06"]
[Round "2.2"]
[White "Wang, Richard"]
[Black "Li, Yinshi"]
[Result "1-0"]
[WhiteElo "2411"]
[BlackElo "2216"]
[PlyCount "84"]
[GameId "2160767908710289"]
[EventDate "2016.07.05"]
[EventType "swiss"]
[EventRounds "7"]
[EventCountry "CAN"]
[SourceTitle "EXT 2022"]
[Source "ChessBase"]
[SourceDate "2021.10.06"]
[SourceVersion "1"]
[SourceVersionDate "2021.10.06"]
[SourceQuality "1"]

1. d4 Nf6 2. Nf3 e6 3. Bg5 Be7 4. Nbd2 b6 5. e4 d5 6. e5 Nfd7 7. Bxe7 Qxe7 8. c3 c5 9. a3 a5 10. Bb5 Ba6 11. Bxa6 Nxa6 12. dxc5 Naxc5 13. Qe2 a4 14. O-O O-O 15. Nd4 f6 16. N2f3 Ne4 17. exf6 Qxf6 18. c4 Ndc5 19. Nc6 Rac8 20. Nfe5 dxc4 21. Rad1 Ng5 22. f4 Nf7 23. Ng4 Qh4 24. g3 Qh3 25. Ne7+ Kh8 26. Nf2 Qh6 27. Nxc8 Rxc8 28. Qxc4 Qg6 29. Rfe1 e5 30. fxe5 Ng5 31. Qg4 Rf8 32. h4 Qf7 33. hxg5 Qxf2+ 34. Kh1 Nd3 35. Rf1 g6 36. e6 Re8 37. Qf3 Qxf3+ 38. Rxf3 Nxb2 39. Rd7 Nc4 40. Rff7 Rc8 41. Rxh7+ Kg8 42. Rdg7+ Kf8 1-0

[Event "CYCC U18"]
[Site "Windsor CAN"]
[Date "2016.07.06"]
[Round "3.1"]
[White "Doknjas, John"]
[Black "Wang, Richard"]
[Result "0-1"]
[WhiteElo "2239"]
[BlackElo "2411"]
[PlyCount "64"]
[GameId "2160767908710296"]
[EventDate "2016.07.05"]
[EventType "swiss"]
[EventRounds "7"]
[EventCountry "CAN"]
[SourceTitle "hb 2016"]

1. d4 d5 2. c4 c6 3. Nf3 Nf6 4. Qc2 e6 5. Bg5 Nbd7 6. e3 Qa5+ 7. Nbd2 Ne4 8. Bh4 Bb4 9. a3 g5 10. Bg3 h5 11. Qd1 Be7 12. c5 h4 13. Bd6 Nxd6 14. cxd6 Bxd6 15. Nxg5 e5 16. dxe5 Nxe5 17. Ngf3 Bd7 18. Be2 O-O-O 19. Nxe5 Bxe5 20. Qc2 Kb8 21. O-O Rdg8 22. Kh1 Qd8 23. Nf3 Bc7 24. h3 Bxh3 25. Rg1 Qd7 26. Nh2 Bxg2+ 27. Rxg2 Rxg2 28. Kxg2 Rg8+ 29. Ng4 f5 30. f3 fxg4 31. fxg4 Qd6 32. Bd1 Qh2+ 0-1

[Event "CYCC U18"]
[Site "Windsor CAN"]
[Date "2016.07.07"]
[Round "5.2"]
[White "Nasir, Zehn"]
[Black "Wang, Richard"]
[Result "0-1"]
[WhiteElo "2077"]
[BlackElo "2411"]
[PlyCount "58"]
[GameId "2160767908710313"]
[EventDate "2016.07.05"]
[EventType "swiss"]
[EventRounds "7"]
[EventCountry "CAN"]
[SourceTitle "hb 2016"]

1. e4 e6 2. d4 d5 3. Nd2 Nf6 4. e5 Nfd7 5. Bd3 c5 6. c3 Nc6 7. Ne2 cxd4 8. cxd4 f6 9. exf6 Nxf6 10. O-O Bd6 11. Nf3 O-O 12. Bf4 Bxf4 13. Nxf4 Ne4 14. Qc1 Qf6 15. Ne2 Nd6 16. Qd2 Bd7 17. b4 a5 18. b5 Nb4 19. Ne5 Rfd8 20. a4 Rac8 21. Rac1 Be8 22. Rfe1 Bg6 23. Bxg6 hxg6 24. Nf4 Ne4 25. Rxe4 dxe4 26. Nfxg6 Rxc1+ 27. Qxc1 Nd3 28. Qe3 Nxe5 29. Nxe5 Qxe5 0-1

[Event "CYCC U18"]
[Site "Windsor CAN"]
[Date "2016.07.08"]
[Round "6.1"]
[White "Wang, Richard"]
[Black "Song, Michael"]
[Result "0-1"]
[WhiteElo "2411"]
[BlackElo "2470"]
[PlyCount "71"]
[GameId "2160767908710320"]
[EventDate "2016.07.05"]
[EventType "swiss"]
[EventRounds "7"]
[EventCountry "CAN"]
[SourceTitle "hb 2016"]

1. c4 f5 2. g3 Nf6 3. Bg2 g6 4. Nc3 Bg7 5. d3 O-O 6. Nf3 d6 7. O-O Nc6 8. Rb1 a5 9. a3 Nh5 10. Qc2 f4 11. e3 e5 12. b4 axb4 13. axb4 Bg4 14. Nd5 Ne7 15. Bb2 Nxd5 16. cxd5 Qd7 17. Rbc1 Ra2 18. e4 Bh6 19. Ra1 Rxa1 20. Bxa1 fxg3 21. fxg3 Be3+ 22. Kh1 Nxg3+ 23. hxg3 Bxf3 24. Kh2 Bg4 25. Rxf8+ Kxf8 26. Bb2 Qg7 27. Bh3 Qh6 28. Qg2 b5 29. Bc3 Ke7 30. Qf1 Qh5 31. Qg2 g5 32. Be1 Kd8 33. Qf1 Bf3 34. g4 Bf4+ 35. Kg1 Bxg4 36. Bxg4 0-1

[Event "CYCC U18"]
[Site "Windsor CAN"]
[Date "2016.07.08"]
[Round "7.3"]
[White "Mathews, Jeremy"]
[Black "Wang, Richard"]
[Result "0-1"]
[WhiteElo "1777"]
[BlackElo "2411"]
[PlyCount "46"]
[GameId "2160767908710330"]
[EventDate "2016.07.05"]
[EventType "swiss"]
[EventRounds "7"]
[EventCountry "CAN"]
[SourceTitle "hb 2016"]

1. e4 c5 2. Nf3 g6 3. d4 cxd4 4. Nxd4 Nc6 5. Nc3 Bg7 6. Be3 Nf6 7. f3 O-O 8. Qd2 d5 9. exd5 Nxd5 10. Nxd5 Qxd5 11. c3 Nxd4 12. Bxd4 Rd8 13. Be3 Qa5 14. Qc2 Bf5 15. Qc1 Rac8 16. Bd2 Bd4 17. Be2 Qe5 18. g4 Bd3 19. Qd1 Bb6 20. Kf1 Qd5 21. Ke1 Rc6 22. h3 Re6 23. Rh2 Qxf3 0-1

[Event "Edmonton int."]
[Site "Edmonton CAN"]
[Date "2016.06.18"]
[Round "1"]
[White "Shirov, Alexei"]
[Black "Wang, Richard"]
[Result "1-0"]
[WhiteElo "2682"]
[BlackElo "2341"]
[PlyCount "47"]
[GameId "2160767908718741"]
[EventDate "2016.06.18"]
[EventType "tourn"]
[EventRounds "9"]
[EventCountry "CAN"]
[SourceTitle "CBM 173 Extra"]
[Source "ChessBase"]
[SourceDate "2016.08.29"]
[SourceVersion "1"]
[SourceVersionDate "2016.08.29"]
[SourceQuality "1"]

1. e4 e6 2. d4 d5 3. e5 c5 4. c3 Nc6 5. Nf3 Qb6 6. a3 Nh6 7. b4 cxd4 8. Bxh6 gxh6 9. cxd4 Bd7 10. Ra2 Rg8 11. g3 Rg4 12. Rd2 Nxb4 13. axb4 Bxb4 14. Bd3 Bb5 15. O-O Bxd2 16. Qxd2 Rc8 17. Na3 Bxd3 18. Qxd3 a6 19. Rb1 Qc7 20. Qxh7 b5 21. Kg2 Qc3 22. Rxb5 Qxa3 23. Rb7 Qf8 24. Qd3 1-0

[Event "Edmonton int."]
[Site "Edmonton CAN"]
[Date "2016.06.19"]
[Round "2"]
[White "Wang, Richard"]
[Black "Bitan, Banerjee"]
[Result "1/2-1/2"]
[WhiteElo "2341"]
[BlackElo "2341"]
[PlyCount "70"]
[GameId "2160767908718746"]
[EventDate "2016.06.18"]
[EventType "tourn"]
[EventRounds "9"]
[EventCountry "CAN"]
[SourceTitle "CBM 173 Extra"]
[Source "ChessBase"]
[SourceDate "2016.08.29"]
[SourceVersion "1"]
[SourceVersionDate "2016.08.29"]
[SourceQuality "1"]

1. d4 Nf6 2. Nf3 g6 3. c4 Bg7 4. Nc3 O-O 5. e4 d6 6. h3 e5 7. d5 Na6 8. Bg5 Qe8 9. g4 Kh8 10. Be2 Ng8 11. Qc2 f6 12. Be3 f5 13. gxf5 gxf5 14. a3 Bh6 15. O-O-O Nc5 16. Nh4 Bxe3+ 17. fxe3 Nh6 18. Rdf1 Qe7 19. Nxf5 Nxf5 20. exf5 Qg5 21. b4 Bxf5 22. Rxf5 Rxf5 23. bxc5 Qxe3+ 24. Kb2 Rf4 25. cxd6 cxd6 26. Qd3 Qb6+ 27. Ka2 Rg8 28. Rb1 Qd4 29. Nb5 Qc5 30. Rb2 Rg2 31. Nc3 b6 32. Bf1 Rg1 33. Be2 Rg2 34. Bf1 Rg1 35. Be2 Rg2 1/2-1/2

[Event "Edmonton int."]
[Site "Edmonton CAN"]
[Date "2016.06.20"]
[Round "3"]
[White "Sethuraman, SP."]
[Black "Wang, Richard"]
[Result "1-0"]
[WhiteElo "2653"]
[BlackElo "2341"]
[PlyCount "77"]
[GameId "2160767908718750"]
[EventDate "2016.06.18"]
[EventType "tourn"]
[EventRounds "9"]
[EventCountry "CAN"]
[SourceTitle "CBM 173 Extra"]
[Source "ChessBase"]
[SourceDate "2016.08.29"]
[SourceVersion "1"]
[SourceVersionDate "2016.08.29"]
[SourceQuality "1"]

1. Nf3 d5 2. e3 Nf6 3. c4 c6 4. Nc3 e6 5. d4 Nbd7 6. Qc2 Bb4 7. Bd3 Qe7 8. O-O O-O 9. a3 Bxc3 10. bxc3 b6 11. cxd5 exd5 12. c4 Ba6 13. cxd5 Bxd3 14. Qxd3 cxd5 15. Bb2 Ne4 16. a4 Rfc8 17. Rfc1 Nd6 18. Ba3 Qe4 19. Qa6 Nc4 20. Bb4 Qe6 21. Be1 Rc7 22. Rc3 Rac8 23. Rac1 Nb8 24. Qb5 a6 25. Qb1 h6 26. Ne5 Nd7 27. Nd3 Nf6 28. Qa2 a5 29. R3c2 h5 30. Qb3 Ne4 31. Nf4 Qf5 32. f3 Ned6 33. Rc3 Ne8 34. Ne2 Re7 35. e4 Qd7 36. Nf4 Nf6 37. Nxd5 Nxd5 38. Rxc4 Rxc4 39. Qxc4 1-0

[Event "Edmonton int."]
[Site "Edmonton CAN"]
[Date "2016.06.21"]
[Round "4"]
[White "Wang, Richard"]
[Black "Findlay, Ian"]
[Result "0-1"]
[WhiteElo "2341"]
[BlackElo "2257"]
[PlyCount "80"]
[GameId "2160767908718756"]
[EventDate "2016.06.18"]
[EventType "tourn"]
[EventRounds "9"]
[EventCountry "CAN"]
[SourceTitle "CBM 173 Extra"]
[Source "ChessBase"]
[SourceDate "2016.08.29"]
[SourceVersion "1"]
[SourceVersionDate "2016.08.29"]
[SourceQuality "1"]

1. d4 Nf6 2. Nf3 e6 3. e3 d5 4. Bd3 c5 5. b3 Nc6 6. O-O Bd6 7. Bb2 O-O 8. Ne5 Qc7 9. f4 cxd4 10. exd4 Nb4 11. Nc3 Nxd3 12. Qxd3 Bd7 13. Rf3 Bc6 14. Rh3 Ne4 15. Nxe4 dxe4 16. Qg3 f5 17. c4 Bxe5 18. fxe5 f4 19. Qh4 h6 20. Qg4 Qf7 21. Rxh6 f3 22. Rf6 Qe7 23. Qxe6+ Qxe6 24. Rxe6 f2+ 25. Kf1 e3 26. Rxc6 bxc6 27. Ba3 Rf4 28. Bc5 Re4 29. Ke2 a6 30. b4 Kf7 31. a4 g5 32. g3 Rh8 33. Rh1 Kg6 34. a5 Kf5 35. h3 Ke6 36. b5 cxb5 37. cxb5 Rg4 38. Rd1 Rxg3 39. d5+ Kxe5 40. Bd4+ Ke4 0-1

[Event "Edmonton int."]
[Site "Edmonton CAN"]
[Date "2016.06.22"]
[Round "5"]
[White "Sambuev, Bator"]
[Black "Wang, Richard"]
[Result "1-0"]
[WhiteElo "2540"]
[BlackElo "2341"]
[PlyCount "125"]
[GameId "2160767908718760"]
[EventDate "2016.06.18"]
[EventType "tourn"]
[EventRounds "9"]
[EventCountry "CAN"]
[SourceTitle "CBM 173 Extra"]
[Source "ChessBase"]
[SourceDate "2016.08.29"]
[SourceVersion "1"]
[SourceVersionDate "2016.08.29"]
[SourceQuality "1"]

1. Nf3 c5 2. e4 d6 3. d4 cxd4 4. Nxd4 Nf6 5. Nc3 g6 6. Be3 Bg7 7. f3 Nc6 8. Qd2 O-O 9. O-O-O d5 10. exd5 Nxd5 11. Nxc6 bxc6 12. Bd4 Nxc3 13. Qxc3 Bh6+ 14. Be3 Bxe3+ 15. Qxe3 Qb6 16. Qxe7 Be6 17. Qa3 Rfd8 18. Ba6 c5 19. Be2 c4 20. f4 c3 21. Qxc3 Rdc8 22. Qd4 Bf5 23. c3 Qe6 24. g4 Bxg4 25. Bxg4 Qxg4 26. Rhe1 h5 27. Qf6 Rc4 28. Rd4 Rxd4 29. Qxd4 Qh4 30. Re2 Rd8 31. Qe3 Qg4 32. Rd2 Rxd2 33. Qxd2 h4 34. c4 h3 35. b4 Qe6 36. Qd8+ Kh7 37. Qd3 Qe1+ 38. Kc2 Qf2+ 39. Qd2 Qf1 40. c5 Qc4+ 41. Kb2 a5 42. a3 Kg8 43. Qc2 Qxf4 44. c6 a4 45. Ka2 Qe5 46. b5 Qe6+ 47. Kb2 Qe5+ 48. Kc1 Qe1+ 49. Qd1 Qe3+ 50. Qd2 Qc5+ 51. Kd1 Qg1+ 52. Kc2 Qc5+ 53. Qc3 Qf2+ 54. Kd3 Qxh2 55. c7 Qg3+ 56. Kd4 Qg4+ 57. Ke5 Qf5+ 58. Kd6 Qe6+ 59. Kc5 h2 60. Qf3 Qd7 61. Kb6 Qc8 62. Qg2 Kf8 63. Qxh2 1-0

[Event "Edmonton int."]
[Site "Edmonton CAN"]
[Date "2016.06.23"]
[Round "6"]
[White "Wang, Richard"]
[Black "Haessel, Dale"]
[Result "1-0"]
[WhiteElo "2341"]
[BlackElo "2234"]
[PlyCount "73"]
[GameId "2160767908718766"]
[EventDate "2016.06.18"]
[EventType "tourn"]
[EventRounds "9"]
[EventCountry "CAN"]
[SourceTitle "CBM 173 Extra"]
[Source "ChessBase"]
[SourceDate "2016.08.29"]
[SourceVersion "1"]
[SourceVersionDate "2016.08.29"]
[SourceQuality "1"]

1. c4 c5 2. g3 Nc6 3. Bg2 g6 4. Nc3 Bg7 5. d3 e6 6. e4 Nge7 7. Nge2 d6 8. Be3 Nd4 9. h4 h5 10. O-O O-O 11. a3 Nec6 12. Rb1 a5 13. Nb5 Nxb5 14. cxb5 Nd4 15. a4 Nxe2+ 16. Qxe2 e5 17. Bg5 Qe8 18. Bd2 Be6 19. Bc3 Qd7 20. Qd2 Kh7 21. Ra1 b6 22. f4 Bh6 23. Qf2 Bg4 24. f5 Rae8 25. Rae1 d5 26. exd5 Bxf5 27. Rxe5 Rxe5 28. Bxe5 Bxd3 29. Re1 Bf5 30. d6 Bg7 31. Bc6 Qc8 32. Bxg7 Kxg7 33. Re7 Rd8 34. Qf4 Qb8 35. Bd5 Rf8 36. Qe5+ Kh6 37. Bxf7 1-0

[Event "Edmonton int."]
[Site "Edmonton CAN"]
[Date "2016.06.24"]
[Round "7"]
[White "Ganguly, Surya Shekhar"]
[Black "Wang, Richard"]
[Result "1-0"]
[WhiteElo "2654"]
[BlackElo "2341"]
[PlyCount "49"]
[GameId "2160767908718768"]
[EventDate "2016.06.18"]
[EventType "tourn"]
[EventRounds "9"]
[EventCountry "CAN"]
[SourceTitle "CBM 173"]
[Source "ChessBase"]
[SourceDate "2016.07.12"]
[SourceVersion "1"]
[SourceVersionDate "2016.07.12"]
[SourceQuality "1"]

1. e4 c5 2. Nf3 d6 3. d4 cxd4 4. Nxd4 Nf6 5. Nc3 g6 6. Be3 Bg7 7. f3 Nc6 8. Qd2 O-O 9. O-O-O d5 10. Qe1 e5 11. Nxc6 bxc6 12. exd5 cxd5 13. Bg5 Be6 14. Bc4 Qc7 15. Bxd5 Nxd5 16. Nxd5 Bxd5 17. Rxd5 Rab8 18. b3 Rfc8 19. c4 Qb7 20. Qe4 Qb4 21. Kd1 f5 22. Qe1 Qa3 23. Rd7 h6 24. Qd2 Rb6 25. Rxg7+ 1-0

[Event "Edmonton int."]
[Site "Edmonton CAN"]
[Date "2016.06.25"]
[Round "8"]
[White "Valencia, Belsar"]
[Black "Wang, Richard"]
[Result "0-1"]
[WhiteElo "2277"]
[BlackElo "2341"]
[PlyCount "80"]
[GameId "2160767908718776"]
[EventDate "2016.06.18"]
[EventType "tourn"]
[EventRounds "9"]
[EventCountry "CAN"]
[SourceTitle "CBM 173 Extra"]
[Source "ChessBase"]
[SourceDate "2016.08.29"]
[SourceVersion "1"]
[SourceVersionDate "2016.08.29"]
[SourceQuality "1"]

1. Nf3 c5 2. g3 Nc6 3. Bg2 g6 4. c3 e5 5. d3 Bg7 6. e4 Nge7 7. a3 O-O 8. b4 d6 9. Nbd2 h6 10. O-O Be6 11. Bb2 a6 12. Re1 Qd7 13. Nb3 b6 14. Rb1 f5 15. exf5 gxf5 16. Nfd2 Rae8 17. Qe2 Ng6 18. Qf1 e4 19. dxe4 f4 20. Nc1 Nce5 21. Qxa6 c4 22. f3 Qd8 23. Ne2 h5 24. Rf1 Bh6 25. Rbd1 fxg3 26. hxg3 h4 27. f4 hxg3 28. Nf3 Nxf4 29. Nxf4 Bxf4 30. Bc1 Bxc1 31. Rxc1 Nxf3+ 32. Bxf3 Qg5 33. Rce1 Qd2 34. Re2 Qxc3 35. Qb5 Re7 36. Qg5+ Rg7 37. Qe3 Qe5 38. Qxb6 Rgf7 39. Kg2 Bg4 40. Re3 Qh5 0-1

[Event "Edmonton int."]
[Site "Edmonton CAN"]
[Date "2016.06.26"]
[Round "9.3"]
[White "Wang, Richard"]
[Black "Shankland, Sam"]
[Result "1/2-1/2"]
[WhiteElo "2341"]
[BlackElo "2646"]
[PlyCount "58"]
[GameId "2160767738377186"]
[EventDate "2016.06.18"]
[EventType "tourn"]
[EventRounds "9"]
[EventCountry "CAN"]
[WhiteClock "1:02:18"]
[BlackClock "0:44:30"]

1. d4 Nf6 2. Nf3 b6 3. Bg5 e6 4. e4 h6 5. Bxf6 Qxf6 6. Bd3 Bb7 7. O-O g6 8. Nbd2 Bg7 9. Qe2 O-O 10. Rfe1 d6 11. e5 Qe7 12. c3 c5 13. Nc4 Bxf3 14. Qxf3 d5 15. Nd6 cxd4 16. cxd4 Nc6 17. Qe3 Nxd4 18. Nxf7 Qxf7 19. Qxd4 Rac8 20. Rac1 g5 21. g3 Bxe5 22. Qxe5 Rxc1 23. Rxc1 Qxf2+ 24. Kh1 Qf3+ 25. Kg1 Qf2+ 26. Kh1 Qf3+ 27. Kg1 Qf2+ 28. Kh1 Qf3+ 29. Kg1 Qf2+ 1/2-1/2

[Event "CAN-ch"]
[Site "Guelph CAN"]
[Date "2015.07.10"]
[Round "1.9"]
[White "Shi, Diwen"]
[Black "Wang, Richard"]
[Result "1/2-1/2"]
[WhiteElo "2214"]
[BlackElo "2426"]
[PlyCount "30"]
[GameId "2160767908870974"]
[EventDate "2015.07.10"]
[EventType "swiss"]
[EventRounds "9"]
[EventCountry "CAN"]

1. e4 c6 2. d4 d5 3. e5 Bf5 4. Nf3 e6 5. Be2 c5 6. Be3 cxd4 7. Nxd4 Ne7 8. Nd2 Nbc6 9. N2f3 Be4 10. O-O Ng6 11. c4 dxc4 12. Bxc4 a6 13. Ng5 Bd5 14. Nxc6 bxc6 15. Bxd5 Qxd5 1/2-1/2

[Event "CAN-ch"]
[Site "Guelph CAN"]
[Date "2015.07.11"]
[Round "2.10"]
[White "Wang, Richard"]
[Black "Buscar, Michael"]
[Result "0-1"]
[WhiteElo "2426"]
[BlackElo "2245"]
[PlyCount "120"]
[GameId "2160767738660391"]
[EventDate "2015.07.10"]
[EventType "swiss"]
[EventRounds "9"]
[EventCountry "CAN"]
[TimeControl "40/5400+30:1800+30"]

1. d4 c6 2. Nf3 d6 3. c4 Bg4 4. Nc3 Nd7 5. h3 Bh5 6. g4 Bg6 7. Nh4 e5 8. Nxg6 hxg6 9. Bg2 Be7 10. O-O Qc7 11. d5 Nb6 12. b3 Nf6 13. Ba3 cxd5 14. Nxd5 Nfxd5 15. cxd5 Rc8 16. e3 Qc2 17. Qe1 Qc3 18. f4 Qxe1 19. Rfxe1 Nd7 20. g5 O-O 21. h4 f5 22. gxf6 gxf6 23. f5 g5 24. hxg5 fxg5 25. Rac1 Nf6 26. Kf2 Kf7 27. Rh1 Kg7 28. e4 Nd7 29. Ke2 Nb6 30. Kd3 Rxc1 31. Rxc1 Rc8 32. Rf1 Nd7 33. Rh1 Nf6 34. Bf3 Rh8 35. Rg1 Rh3 36. Ke2 Rh2+ 37. Ke3 Rh3 38. Ke2 Rh2+ 39. Kd1 Rf2 40. Rxg5+ Kf8 41. Rg3 Rxa2 42. Bc1 Rh2 43. Be3 a6 44. Bd2 Rh4 45. Bg5 Rh2 46. Ke1 Kf7 47. Kf1 b5 48. Bxf6 Bxf6 49. Bg2 b4 50. Rd3 Rh8 51. Rd1 a5 52. Ra1 Ra8 53. Bf3 Bd8 54. Bh5+ Kf6 55. Be8 Bb6 56. Bc6 Rg8 57. Ke2 Rg3 58. Rh1 Kg7 59. Rh4 Rxb3 60. Rg4+ Kf7 0-1

[Event "CAN-ch"]
[Site "Guelph CAN"]
[Date "2015.07.11"]
[Round "3.14"]
[White "Surya, Benito"]
[Black "Wang, Richard"]
[Result "0-1"]
[WhiteElo "1938"]
[BlackElo "2426"]
[PlyCount "82"]
[GameId "2160767738660404"]
[EventDate "2015.07.10"]
[EventType "swiss"]
[EventRounds "9"]
[EventCountry "CAN"]
[TimeControl "40/5400+30:1800+30"]

1. e4 c5 2. Ne2 g6 3. g3 Bg7 4. Bg2 Nc6 5. O-O e6 6. c3 Nge7 7. d4 cxd4 8. cxd4 d5 9. exd5 Nxd5 10. Nbc3 Nce7 11. Qb3 O-O 12. Rd1 b6 13. Nxd5 Nxd5 14. Nc3 Bb7 15. Nxd5 Bxd5 16. Bxd5 exd5 17. Be3 Qd7 18. Rac1 Rac8 19. Rc3 Rxc3 20. bxc3 Rc8 21. Kg2 h5 22. h4 Rc4 23. Rc1 Bf8 24. Qb2 b5 25. Rd1 a6 26. Rd3 Qc8 27. Bd2 Ra4 28. Be1 Bh6 29. f4 Bg7 30. Re3 Qc4 31. Re2 f5 32. Rd2 Qc6 33. Re2 Bf6 34. Kf2 Rc4 35. Kg2 b4 36. cxb4 Bxd4 37. Qb3 Bc3 38. Bxc3 Rxc3 39. Qd1 d4+ 40. Kh2 d3 41. Re3 Rc2+ 0-1

[Event "CAN-ch"]
[Site "Guelph CAN"]
[Date "2015.07.12"]
[Round "4.9"]
[White "Wang, Richard"]
[Black "Wan, Kevin"]
[Result "1-0"]
[WhiteElo "2426"]
[BlackElo "2302"]
[PlyCount "55"]
[GameId "2160767738660413"]
[EventDate "2015.07.10"]
[EventType "swiss"]
[EventRounds "9"]
[EventCountry "CAN"]
[TimeControl "40/5400+30:1800+30"]

1. d4 Nf6 2. Nf3 e6 3. e3 b6 4. Bd3 Bb7 5. O-O d5 6. b3 Bd6 7. Bb2 O-O 8. c4 c5 9. cxd5 Nxd5 10. Nbd2 cxd4 11. Nxd4 Nd7 12. Qh5 N5f6 13. Qh3 Ne5 14. Bc2 Rc8 15. f4 Ng6 16. Nc4 Ba6 17. Bxg6 Bxc4 18. Bxf7+ Rxf7 19. bxc4 Rxc4 20. Qxe6 Rc8 21. Nf5 Rc6 22. Rfd1 Ne8 23. Ba3 Qd7 24. Qxd7 Rxd7 25. Nxd6 Nxd6 26. Rd3 Kf7 27. Rad1 Ke6 28. f5+ 1-0

[Event "CAN-ch"]
[Site "Guelph CAN"]
[Date "2015.07.12"]
[Round "5.6"]
[White "Zhu, Hong Rui"]
[Black "Wang, Richard"]
[Result "1/2-1/2"]
[WhiteElo "2304"]
[BlackElo "2426"]
[PlyCount "122"]
[GameId "2160767908879207"]
[EventDate "2015.07.10"]
[EventType "swiss"]
[EventRounds "9"]
[EventCountry "CAN"]

1. e4 e6 2. d4 d5 3. Nd2 Nf6 4. e5 Nfd7 5. f4 c5 6. Ngf3 Nc6 7. Nb3 Be7 8. Be3 f6 9. exf6 Bxf6 10. c3 b6 11. Bb5 Bb7 12. O-O c4 13. Nbd2 Ne7 14. Ne5 Bxe5 15. fxe5 Nf5 16. Rxf5 exf5 17. Qh5+ g6 18. Qh6 Qe7 19. Bg5 Qe6 20. Bf6 Rf8 21. Qxh7 Rxf6 22. Bxd7+ Qxd7 23. Qxd7+ Kxd7 24. exf6 Ke6 25. Re1+ Kxf6 26. Re5 Rd8 27. h4 a5 28. Nf3 b5 29. Ng5 Rd6 30. Nh7+ Kf7 31. Ng5+ Kf6 32. Re8 Rb6 33. Rh8 Bc6 34. Rh7 Be8 35. Ra7 b4 36. Rxa5 bxc3 37. bxc3 Rb1+ 38. Kf2 Rc1 39. Ra3 f4 40. g3 Kf5 41. Kf3 Rf1+ 42. Ke2 Rc1 43. Ra8 Bd7 44. Ra7 Be6 45. Kd2 Rh1 46. gxf4 Rxh4 47. Nxe6 Kxe6 48. a4 Rxf4 49. a5 Rf2+ 50. Ke3 Rc2 51. Kf4 Rf2+ 52. Ke3 Rc2 53. Kf4 g5+ 54. Kxg5 Rxc3 55. Ra6+ Kd7 56. Kf4 Rd3 57. Ke5 c3 58. Ra7+ Kc6 59. Ra6+ Kd7 60. Ra7+ Kc8 61. Ra6 Kd7 1/2-1/2

[Event "CAN-ch"]
[Site "Guelph CAN"]
[Date "2015.07.13"]
[Round "6.7"]
[White "Wang, Richard"]
[Black "Humphreys, Michael"]
[Result "1-0"]
[WhiteElo "2426"]
[BlackElo "2348"]
[PlyCount "79"]
[GameId "2160767738660434"]
[EventDate "2015.07.10"]
[EventType "swiss"]
[EventRounds "9"]
[EventCountry "CAN"]
[TimeControl "40/5400+30:1800+30"]

1. d4 e6 2. Nf3 c5 3. e3 Nf6 4. Bd3 Be7 5. O-O O-O 6. c4 d5 7. Nc3 cxd4 8. exd4 dxc4 9. Bxc4 Nc6 10. a3 b6 11. Bg5 Bb7 12. Qd3 Rc8 13. Ba2 Nd5 14. h4 Nxc3 15. bxc3 Bf6 16. Rfe1 Na5 17. Bxf6 Qxf6 18. Ng5 g6 19. Re5 Nc6 20. Re2 Ne7 21. g3 Nd5 22. c4 Ne7 23. Rae1 Nf5 24. Re5 Rfd8 25. d5 Ba6 26. Qf3 exd5 27. g4 Bxc4 28. Bxc4 Rxc4 29. gxf5 Rxh4 30. fxg6 Qxg6 31. Qg3 Rh5 32. Re8+ Rxe8 33. Rxe8+ Kg7 34. f4 f6 35. Re7+ Kg8 36. Qc3 Qb1+ 37. Re1 Qf5 38. Re8+ Kg7 39. Qc7+ Kh6 40. Nf7+ 1-0

[Event "CAN-ch"]
[Site "Guelph CAN"]
[Date "2015.07.14"]
[Round "7.5"]
[White "Peredun, Andrew"]
[Black "Wang, Richard"]
[Result "1-0"]
[WhiteElo "2406"]
[BlackElo "2426"]
[PlyCount "85"]
[GameId "2160767738660445"]
[EventDate "2015.07.10"]
[EventType "swiss"]
[EventRounds "9"]
[EventCountry "CAN"]
[TimeControl "40/5400+30:1800+30"]

1. d4 d5 2. c4 c6 3. Nf3 Nf6 4. Nc3 dxc4 5. a4 Bf5 6. Ne5 Nbd7 7. Nxc4 Qc7 8. g3 e5 9. dxe5 Nxe5 10. Bf4 Nfd7 11. Bg2 f6 12. O-O g5 13. Nxe5 gxf4 14. Nxd7 Qxd7 15. Qxd7+ Kxd7 16. gxf4 Bb4 17. Ne4 Ke7 18. a5 Bxe4 19. Bxe4 a6 20. Kg2 Rad8 21. Ra4 Rd4 22. Kf3 Bc5 23. Rxd4 Bxd4 24. Rd1 Bc5 25. Rd3 Bd6 26. Rb3 Rb8 27. Bxh7 Bc7 28. Be4 Kd7 29. h4 Rh8 30. Bf5+ Kd6 31. Rxb7 Rxh4 32. b4 Rh8 33. e4 Rb8 34. e5+ fxe5 35. fxe5+ Kxe5 36. Rxc7 Kxf5 37. Rxc6 Rxb4 38. Rxa6 Rb3+ 39. Kg2 Ra3 40. Ra8 Ke5 41. a6 Kd6 42. a7 Kc7 43. Rh8 1-0